000 005930000a22002170004500
003 LK-CoMWRAF
005 20230914151104.0
008 230817t2002 ||||| |||| 00| 0 eng d
020 _a8185738920
040 _aLK-CoMWRAF
_dLK-CoMWRAF
_eLK-CoMWRAF
041 _aeng
082 _a297.197
_bASH
100 _aAshiq, Maulana Muhammad Elahi
245 _aThe Wives of the Prophet :
_bMuhammad (Sallallahu alayhe wasallam)
260 _aNew Delhi :
_bAbdul Naeem,
_c2002
300 _a174p
650 _a MuḼammad
650 _aProphet
650 _aMuslim women-Biography
942 _cBK
999 _c977
_d977